Normal view
MARC view
- Chung/Wiliams
Entry Personal Name
001 - CONTROL NUMBER
- control field: 4359
003 - CONTROL NUMBER IDENTIFIER
- control field: JO-AjAnu
005 - DATE AND TIME OF LATEST TRANSACTION
- control field: 20230606071019.0
008 - FIXED-LENGTH DATA ELEMENTS
- fixed length control field: 230606|| aca||aabn | a|a d
040 ## - CATALOGING SOURCE
- Original cataloging agency: JO-AjAnu
- Transcribing agency: JO-AjAnu
100 ## - HEADING--PERSONAL NAME
- Personal name: Chung/Wiliams
670 ## - SOURCE DATA FOUND
- Source citation: Work cat.: (JO-AjAnu)2263: Chung/Wiliams, author, introduction to Stochastic integration